| 000 | 00792nam a22002297a 4500 | ||
|---|---|---|---|
| 005 | 20110512105232.0 | ||
| 008 | 110512t xxu||||| |||| 00| 0 eng d | ||
| 010 | _aENG-102450 | ||
| 020 |
_a9788174467843 _c595.00 |
||
| 035 | _aEN-85983 | ||
| 037 | _bDBAD/PUB | ||
| 040 |
_adpl _bEng |
||
| 082 | _a658.3 | ||
| 100 | _925528 | ||
| 245 |
_aStrategies for organizational excellence / _cedited by V.K.Jain |
||
| 260 |
_aNew Delhi _bExcel Books _c2010 |
||
| 270 |
_aA-45, Naraina, Phase-1 _bNew Delhi _e110028 |
||
| 300 |
_avii,353 p. : _c23cm (pbk) _bill |
||
| 700 |
_928039 _aJain, V. K. |
||
| 942 |
_2ddc _cEN _h658.3 _mSTR |
||
| 999 |
_c52376 _d52376 |
||